000 00406nam a2200181Ia 4500
001 801
005 20260306140544.0
008 260306t2016||||xx |||||||||||||| ||spa||
041 _aESP
082 _a170
_bD296
100 _aDworkin, Ronald
_eAUT
245 0 _aJusticia para erizos
260 _c2016
300 _a591 páginas :
_c23 cm.
650 _aGEN
654 _aCHU
942 _cLIB
_dJUS
_fJUS
_2ddc
_n
999 _c801
_d801